| 000 | 00683nam a2200229 a 4500 | ||
|---|---|---|---|
| 001 | 000044981 | ||
| 003 | DO-SdBNP | ||
| 005 | 20180327135308.0 | ||
| 007 | 000044981 | ||
| 008 | 150128s2009 dr a 000 0 spa d | ||
| 020 | _z9789945001577 | ||
| 040 |
_aBPMET _bspa _cBPMET |
||
| 092 |
_axxxx _bxxxx |
||
| 100 | 1 | _aAntún, Lily | |
| 245 | 1 | 0 |
_aPatito cantarín y la serpiente encantada / _cLily Antún ; ilustraciones José V. Almonte. |
| 260 |
_aSanto Domingo : _b[s. n.], _c2009. |
||
| 300 |
_a[12] p. : _bil. ; _c24 cm. |
||
| 700 | 1 |
_aAlmonte, José V. _eilu. |
|
| 942 |
_2ddc _cBK |
||
| 945 | _aRemanejado para la BNPHU / 2018 VM | ||
| 956 |
_aVMATEO _b10 _c20150327 _lBPMSU _h00151 |
||
| 999 |
_c7588 _d7588 |
||